header

Livestock Improvement and Pastoralists Livelihood Outcomes: (Record no. 263966)

MARC details
000 -LEADER
fixed length control field 00498nam a22001577a 4500
003 - CONTROL NUMBER IDENTIFIER
control field OSt
005 - DATE AND TIME OF LATEST TRANSACTION
control field 20240620140929.0
008 - FIXED-LENGTH DATA ELEMENTS--GENERAL INFORMATION
fixed length control field 240620b xxu||||| |||| 00| 0 eng d
040 ## - CATALOGING SOURCE
Transcribing agency RU
050 ## - LIBRARY OF CONGRESS CALL NUMBER
Classification number SB484
Item number .K57 2022
100 ## - MAIN ENTRY--PERSONAL NAME
Personal name Saranta, Moses Kipainoi
245 ## - TITLE STATEMENT
Title Livestock Improvement and Pastoralists Livelihood Outcomes:
Remainder of title A Study of Shiwal Cattles Adoption Among Isiria Maasai of Narok County, Kenya
260 ## - PUBLICATION, DISTRIBUTION, ETC. (IMPRINT)
Place of publication, distribution, etc Kenya
Name of publisher, distributor, etc Saranta Moses
Date of publication, distribution, etc 2022
300 ## - PHYSICAL DESCRIPTION
Extent xiv. ;210p.
942 ## - ADDED ENTRY ELEMENTS (KOHA)
Source of classification or shelving scheme Library of Congress Classification
Koha item type Thesis
Holdings
Withdrawn status Lost status Source of classification or shelving scheme Damaged status Not for loan Collection code Home library Current library Shelving location Date acquired Total Checkouts Full call number Barcode Date last seen Price effective from Koha item type
    Library of Congress Classification     Non-fiction Rongo University Library Rongo University Library Reference 20/06/2024   SB484 .K57 2022 RU/SASS/2022091 20/06/2024 20/06/2024 Thesis

© 2026 Rongo University
Contact us: librarian | system librarian | Rongo university